Highest CP Pokémon in Pokémon GO w/ Megas - Statistics

General Stats
  • This quiz has been taken 32 times
    13 since last reset
  • The average score is 38 of 50
Answer Stats
CP Type(s) Region Answer % Correct
6458 Dragon/Flying Hoenn Mega Rayquaza
100%
6672 Ground/Fire Hoenn Primal Groudon
100%
6672 Water Hoenn Primal Kyogre
100%
6132 Dragon/Ground Sinnoh Mega Garchomp
88%
4634 Psychic/Ghost Alola Dawn Wings Necrozma
75%
4565 Dragon/Steel Sinnoh Dialga
75%
4624 Dragon/Steel Hisui Dialga (Origin Forme)
75%
4634 Psychic/Steel Alola Dusk Mane Necrozma
75%
5007 Poison/Dragon Galar Eternatus
75%
4479 Dragon/Ground Sinnoh Garchomp
75%
4652 Ground Hoenn Groudon
75%
4530 Psychic/Dark Kalos Hoopa Unbound
75%
4652 Water Hoenn Kyogre
75%
5206 Dragon/Ice Unova Kyurem Black
75%
5206 Dragon/Ice Unova Kyurem White
75%
4570 Psychic/Ghost Alola Lunala
75%
4655 Rock/Flying Kanto Mega Aerodactyl
75%
4705 Steel Hoenn Mega Aggron
75%
5099 Psychic Kanto Mega Alakazam
75%
4799 Electric/Dragon Johto Mega Ampharos
75%
4455 Water Kanto Mega Blastoise
75%
4704 Fire/Fighting Hoenn Mega Blaziken
75%
5037 Fire/Flying Kanto Mega Charizard Y
75%
4913 Rock/Fairy Kalos Mega Diancie
75%
5112 Psychic/Fighting Sinnoh Mega Gallade
75%
5101 Psychic/Fairy Hoenn Mega Gardevoir
75%
4902 Ghost/Poison Kanto Mega Gengar
75%
5332 Water/Dark Kanto Mega Gyarados
75%
5443 Bug/Fighting Johto Mega Heracross
75%
5428 Dragon/Psychic Hoenn Mega Latias
75%
5661 Dragon/Psychic Hoenn Mega Latios
75%
5552 Steel/Psychic Hoenn Mega Metagross
75%
4728 Bug/Flying Kanto Mega Pinsir
75%
5688 Dragon/Flying Hoenn Mega Salamence
75%
4585 Grass/Dragon Hoenn Mega Sceptile
75%
4621 Bug/Steel Johto Mega Scizor
75%
4975 Water/Ground Hoenn Mega Swampert
75%
6045 Rock/Dark Johto Mega Tyranitar
75%
4490 Normal/Psychic Unova Meloetta (Aria Forme)
75%
4724 Psychic Kanto Mewtwo
75%
4465 Rock/Poison Alola Nihilego
75%
4512 Dragon/Water Sinnoh Palkia
75%
4683 Dragon/Water Hisui Palkia (Origin Forme)
75%
4913 Normal Sinnoh Regigigas
75%
4565 Dragon/Fire Unova Reshiram
75%
5010 Normal Hoenn Slaking
75%
4570 Psychic/Steel Alola Solgaleo
75%
5629 Fairy/Steel Galar Zacian (Crowned Sword)
75%
4717 Fighting/Steel Galar Zamazenta (Crowned Shield)
75%
4565 Dragon/Electric Unova Zekrom
75%
No matching quizzes found
Score Distribution
Percent of People with Each Score
Percentile by Number Answered
Your Score History
You have not taken this quiz since the last reset